Najpopularniejsze aplikacja mobilne - Statystyki

Ogólne statystyki
  • Ten quiz został rozwiązany 18 razy
  • Średni wynik to 13 z 20
Statystyki odpowiedzi
Podpowiedź Aplikacja % Poprawnych
social media, obecnie jest tam dużo osób starszych Facebook
100%
domyślna poczta Gmail
100%
czat aplikacji powyżej Messenger
100%
najpopularniejsza wyszukiwarka Google
94%
platforma zakupowa z Chin "rozdająca" tablety za darmo Temu
88%
aplikacja do tzw. "scrollowania", stała się przykładem fonoholizmu TikTok
88%
najpopularniejsza strona z filmami YouTube
88%
aplikacja supermarketu służąca do zbierania punktów "Moja ....." Biedronka
82%
social media opierające się na robieniu zdjęć Instagram
82%
aplikacja firmy kurierskiej do odbierania paczek z automatów Inpost
76%
holenderski portal do publikowania ogłoszeń (produktów, za darmo, o pracę) OLX
76%
najpopularniejsza aplikacja do słuchania muzyki Spotify
76%
polski portal (obecnie sprzedany) do wystawiania produktów na sprzedaż Allegro
71%
czat grupowy, reklamował się jako bardzo bezpieczny Whatsapp
59%
do nie dawna czytał Jarosław Juszkiewicz, nawigacja Mapy Google
53%
aplikacja supermarketu, konkurencji tej poprzedniej Lidl Plus
29%
wirtualna przestrzeń dyskowa Dysk Google
24%
alternatywa od firmy na G dla aplikacji "Galeria" Zdjęcia Google
12%
aplikacja popularnego convience store do zbierania punktów lojalnościowych Żappka
6%
alternatywa od firmy na G dla zwykłej aplikacji do SMS-ów Wiadomości Google
0%
Nie znaleziono quizów pasujących do podanych kryteriów
Rozkład punktacji
Procent ludzi z każdym wynikiem
Percentyl według liczby udzielonych odpowiedzi
Twoja historia wyników
Nie rozwiązałeś tego quizu